00517nam a22001337a 450000500170000000800410001704000130005810000320007124501410010326000270024494200100027199900150028195200870029620250910123007.0250908b |||||||| |||| 00| 0 eng d aKMUcKMU aDaka, AnthonyeAgroforestry aEvaluation of Luecaena Luecocephala Leaf Biomass as an Alternative Feed for Tilipia (Oreochromisniloticus.l) Production.cDaka, Anthony aChinsali:bKMU,c2012. cPRn0 c2088d2088 001040708REFaCPLbCPLcREFd2025-09-10l0r2025-09-10 00:00:00w2025-09-10yPR